000 00772nam a2200217Ia 4500
003 OSt
005 20250308112458.0
008 210210b2005 xxu||||| |||| 00| 0 eng d
040 _cAL
041 _aKannada
082 _aK894.9 RAHK
100 _aRAHAMAT TARIKERE. Ed.
_dರಹಮತ್ ತರೀಕೆರೆ
_9205124
245 _aIlli Yaru Mukkhyaralla: Kannada Sahitya Mimamse samputa 2
_bಇಲ್ಲಿ ಯಾರೂ ಮುಖ್ಯರಲ್ಲ : ಕನ್ನಡ ಸಾಹಿತ್ಯ ಮೀಮಾಂಸೆ ಸಂಪುಟ ೨
260 _aHampi
_bPrasaranga Kannada Vishvavidyalaya
_c2005
300 _a328
440 _a2
_9205125
650 _aKannada Sahitya Mimamse
_9205126
690 _aKannada Criticism
_9205127
906 _aSG04731
942 _2ddc
_cSG
999 _c115586
_d115586